| 000 | 00412nam a2200109Ia 4500 | ||
|---|---|---|---|
| 008 | 171204s9999 xx 000 0 und d | ||
| 245 | _aSingle Channel Phase-Aware Signal Processing in Speech Communication: Theory and Practice: | ||
| 245 | _cJohannes Stahl, Josef Kulmer, and Mowlaee | ||
| 260 | _c2016 | ||
| 650 | _xINTRODUCTION TO COMMUNICATION THEORY | ||
| 856 | _uhttp://down.ebook777.com/053/9781119238812.pdf | ||
| 999 |
_c346081 _d346081 |
||